Research methods a consice introduction to research in management and business consultancy
Saved in:
| Main Author: | |
|---|---|
| Other Authors: | |
| Format: | Book |
| Published: |
Amsterdam
Elsevier
c2009
|
| Edition: | 2nd ed |
| Subjects: | |
| Tags: |
Add Tag
No Tags, Be the first to tag this record!
|
| Call Number : | HD30.4 .C953 2009 |
MARC
| LEADER | 00000pam a2200000 4500 | ||
|---|---|---|---|
| 001 | 24932 | ||
| 003 | MY-KLNDU | ||
| 005 | 20241218081631.0 | ||
| 020 | 0 | 0 | |a 9780750689533(pbk) |
| 020 | 0 | 0 | |a 0750689536(pbk) |
| 035 | |a 0000038008 | ||
| 039 | 9 | |a 200911181416 |b VLOAD |c 200911181244 |d VLOAD |y 200910091745 |z VLOAD | |
| 090 | 0 | 0 | |a HD30.4 |b .C953 2009 |
| 100 | 1 | 0 | |a Crowther |h David |
| 245 | 1 | 0 | |a Research methods |b a consice introduction to research in management and business consultancy |c by David Crowther and Geoff Lancaster |
| 250 | 0 | 0 | |a 2nd ed |
| 260 | 0 | 0 | |a Amsterdam |b Elsevier |c c2009 |
| 300 | |a viii, 292p. |c 24cm | ||
| 504 | 0 | 0 | |a Includes bibliographical references and index |
| 591 | |a 0000008679 |b 01/04/09 |c 0200-07 |d 1 |e RM159.8 |f 1 |g 159.8 |h Pustaka Darul Warisan Sdn. Bhd. | ||
| 592 | |a 00002296 |b 10/06/09 |c RM146.74 |d 1 |e 146.74 | ||
| 650 | 0 | 0 | |a Management |x Research |
| 700 | 1 | 1 | |a Lancaster |h Geoffrey |c 1938- |
| 999 | |a vtls000035208 |c 24932 |d 24932 | ||


